La escuela de la exégesis en derecho civil /

Bibliographic Details
Main Author: Bonnecase, Julien, 1878- (Author)
Other Authors: Agurto Gonzáles, Carlos Antonio (Editor), Quequejana Mamani, Sonia Lidia (Editor), Choque Cuenca, Benigno (Editor), Cajica, José M. (José María) (Translator)
Format: Electronic eBook
Language:Spanish
French
Published: Santiago, Chile : Ediciones Olejnik, [2020]
Series:Biblioteca de derecho civil.
Subjects:
Online Access:Digitalia Hispánica

MARC

LEADER 00000nam a2200000Ii 4500
001 DIGOLEJNK0568
003 NyNyDIG
006 m o d
007 cr |||||||||||
008 221011s2020 cl o 000 0 spa d
035 |a (OCoLC)1350507998 
040 |a DGITA  |b eng  |e rda  |e pn  |c DGITA 
020 |z 9789563928129 
041 1 |a spa  |h fre 
043 |a e-fr--- 
050 1 4 |a KJV303 ebook 
100 1 |a Bonnecase, Julien,  |d 1878-  |e author. 
240 1 0 |a École de l'exégése en droit civil.  |l Spanish  |s (Cajica) 
245 1 3 |a La escuela de la exégesis en derecho civil /  |c Julien Bonnecase ; edición al cuidado de Carlos Antonio Agurto Gonzáles, Sonia Lidia Quequejana Mamani, Benigno Choque Cuenca ; traducción de José M. Cajica. 
264 1 |a Santiago, Chile :  |b Ediciones Olejnik,  |c [2020] 
300 |a 1 online resource. 
336 |a text  |b txt  |2 rdacontent 
337 |a computer  |b c  |2 rdamedia 
338 |a online resource  |b cr  |2 rdacarrier 
347 |a text file  |2 rdaft 
347 |b PDF 
490 1 |a Biblioteca de derecho civil 
588 0 |a Online resource; title from PDF title page (Digitalia, viewed October 11, 2022) 
650 0 |a Law  |z France  |x Interpretation and construction. 
650 0 |a Law  |x Study and teaching  |z France. 
650 0 |a Jurisprudence  |x History. 
650 0 |a Civil law  |z France. 
655 0 |a Electronic books. 
700 1 |a Agurto Gonzáles, Carlos Antonio,  |e editor. 
700 1 |a Quequejana Mamani, Sonia Lidia,  |e editor. 
700 1 |a Choque Cuenca, Benigno,  |e editor. 
700 1 |a Cajica, José M.  |q (José María),  |e translator. 
700 1 |i Translation of:  |a Bonnecase, Julien,  |d 1878-  |t École de l'exégése en droit civil. 
791 2 |a Digitalia (Firm),  |e distributor. 
793 0 |g Digitalia eBook Collection:  |a Ediciones Olejnik 
776 0 8 |i Print version:  |a Bonnecase, Julien, 1878-  |s École de l'exégése en droit civil. Spanish (Cajica).  |t Escuela de la exégesis en derecho civil.  |b Primera edición en Ediciones Olejnik.  |d Santiago, Chile : Ediciones Olejnik, 2020  |z 9789563928129 
830 0 |a Biblioteca de derecho civil. 
856 4 0 |3 Digitalia Hispánica  |u https://www.digitaliapublishing.com/a/104476/ 
910 |a Premium collection: 2022